|
|
|
|
| LEADER |
00000nab a2200000uu 4500 |
| 001 |
vtls011457453 |
| 003 |
SK-MaSNL |
| 005 |
20260303151717.0 |
| 008 |
230222|2009 xo |||||||||||||||||eng| |
| 015 |
|
|
|a SNBRB
|
| 035 |
|
|
|a (urnnbn)urn:nbn:sk:snk:ar-a09v9n
|
| 035 |
|
|
|a (uuid)170fee03-ff2c-49f0-bd22-6450ae08643d
|
| 035 |
|
|
|a urn:nbn:sk:snk-abcs1g
|
| 040 |
|
|
|a SNKBUCL
|b slo
|c SNKBUCL
|e AACR2
|
| 041 |
0 |
|
|a eng
|
| 044 |
|
|
|a xo
|c SK
|
| 100 |
1 |
|
|a Fialová, Simona
|4 aut
|9 1171634
|
| 245 |
1 |
0 |
|a Gels as construction materials
|c Simona Fialová, František Pochylý, Pavol Fedor
|
| 700 |
1 |
|
|a Fedor, Pavol
|4 aut
|9 278987
|
| 700 |
1 |
|
|a Pochylý, František
|4 aut
|9 812961
|
| 773 |
0 |
|
|t Strojnícky časopis
|g Roč. 60, č. 3 (2009), s. 161-167
|
| 958 |
|
|
|a OND
|
| 958 |
|
|
|a EUIPO
|
| 958 |
|
|
|a article16
|
| 999 |
|
|
|c 2018983
|d 2020913
|